Lei Disciplinar da Polc̕ia Militar do Estado de Sô Paulo

Detalles Bibliográficos
Autor principal: Pereira Martins, Eliezer
Formato: Libro
Lenguaje:portugués
Publicado: Brasil LEUD 2008
Materias:
Acceso en línea:Acceso restringido

MARC

LEADER 00000nam a22000007a 4500
005 20160413132952.0
007 cr|||| ||u|
008 160413s2008 bl ||||| |||| 00||0 por d
020 |a 978-85-7456-233-9 
035 |a 14102 
040 |a vLex  
090 |c 5986  |d 5986 
100 1 |a Pereira Martins, Eliezer  
245 1 0 |a Lei Disciplinar da Polc̕ia Militar do Estado de Sô Paulo  |h [Recurso electrn̤ico] /  |c Eliezer Pereira Martins 
256 |a Servicio en ln̕ea  
260 |a Brasil   |b LEUD  |c 2008 
300 |a 1 recurso electrn̤ico  
500 |a Inconstitucionalidades e Atecnias da Lei Complementar no 893, de 9 de Marȯ de 2001  
506 1 |a Contenido solo disponible en los productos indicados  |d vLex Global  |d vLex Global (Academic Edition, excluding Law Schools)  |d vLex Global (U.S. Academic Edition, Law Schools)  |d vLex Global (U.S. Academic Edition, excluding Law Schools)  |d vLex Global (Academic Edition, Law Schools) 
650 0 4 |a Ejřcito   |z Brasil  
740 0 |a vLex libros (servicio en ln̕ea)  
856 4 0 |u http://vlex.com/source/lei-disciplinar-policia-militar-estado-s-o-paulo-14102  |z Acceso restringido  
942 |c BOOK 
999 0 |a Armies   |b Brasil